Complète les parole - PNL - Statistiques

Statistiques générales
  • Ce quiz a été pris 1 109 fois
  • Le résultat moyen est 9 sur 20
Statistiques - réponses
Hint Réponse % Correct
Mes gouttes de sueur ont l’odeur d’l’____ Enfer
84%
Ce monde serait moche sans toi, et j’refuse __ _____ si t’y es pas le paradis
82%
La manière dont tu comptes en dit long sur ce que t’as _____, celle dont tu pompes en dit long sur ce que t’as sucé brassé
75%
Les _____ ___ sont devenus violets, les rouges sont devenus verts billets bleus
72%
J’aime voir le ciel, j’aime ce silence alors _____ __ _____ ferme ta gueule
67%
J'ai envie d'amour mais ça _____ ___, quand j'en donne c'est gratuit, ces bâtards m'le rendent pas s’achète pas
64%
J’ai le cœur qui bande devant ______ ____ billets verts
59%
Il pleut des balles à la météo, j’vois pas d’étoiles à part au _______ tel-hô
56%
Chez moi on dit qu’au fond du trou, ____ __ _____ il ressort avec une arme jette un homme
55%
Tu crois tout savoir, mais si tu savais comment nos _____ raisonnent cœurs
52%
Leur victoire a le goût du ____, ma défaite aura l’odeur du cash sperme
51%
J’nique ma solitude tant que les poches sont bien __________ accompagnées
39%
Toi tu fais l’con, j’parle au ____, parle à mon coeur scié
35%
Plus très loin du sommet, j’veux garder les pieds sur terre, je garde une____ d’en bas photo
34%
On fait que charbonner on s'occupe, ouais c'est ça ou finir ____ cocu
31%
On sait d’où l’on vient sans savoir où on va mais on tordra ces ____ de rats âmes
30%
Que du bon-char pas de plan C, y a que la haine qui m'a _____ apaisé
18%
Peu bavard comme _______ maison téléphone
13%
J'Bebeto, Romario Zamorano. J'leur mets le _____ et j'tire en touche : Ils m'disent "Pourquoi ?", j'dis "J'vais plus au ballon" crochet
12%
Pas changé, toujours pas d'amis, ceux qui ______ sont déjà partis manquent
12%
Aucun quiz correspondant
Distribution des résultats
% des personnes avec chaque résultat
Percentile par nombre de réponses
Votre historique - résultats
Vous n’avez pas pris ce quiz